000 00381 a2200121 4500
001 ART_40891
005 20260410161842.0
008 260409a
245 1 0 _aControles sobre el ejercicio del poder disciplinario militar
100 1 _aTorres, Ismael F.
700 1 _aFuria de Torres, Lilian Alicia G.
773 0 _tRAP
_g- Año 39, Nº 458 (nov. 2016)
_wREV5941
999 _c24193
_d24193